000 00890nmm a2200277 a 4500
001 ocm000984831
003 TR-IsHL
005 20201028153815.0
008 150412s2012 tu tur
007 cr cn
020 _a9786053844648
035 _a984831
_b(N$T)
050 0 4 _aPS3563.S29
_bU4819 2012
090 0 4 _aPS3563.S29
_bU4819 2012
100 1 _aSawyer, Kim Vogel
245 1 0 _aUmut dolu bir kalp
_h[electronic resource] /
_cKim Vogel Sawyer ; çeviri Didem Uğur
260 _aİstanbul :
_bYakamoz Kitap,
_c2012
300 _a377 p.
650 4 _aDil ve Edebiyat
650 4 _aLanguage and Literature
650 0 _aAmerikan romanı
650 0 _aAmerican fiction
650 7 _aLITERARY COLLECTIONS / American / General
_2bisacsh
700 1 _aUğur, Didem
856 4 0 _uhttp://search.ebscohost.com/login.aspx?direct=true&scope=site&db=e011xww&AN=984831
999 _c12241
_d12241